Estados financieros, 1° de agosto, 1972 a 31 de julio, 1973

Enregistré dans:
Détails bibliographiques
Collectivité auteur: Consejo Nacional de Producción
Format: Texte
Publié: San José :
Tags: Ajouter un tag
Pas de tags, Soyez le premier à ajouter un tag!

MARC

LEADER 00000 a a2200000 04500
001 19249
003
040
090 |a 019700  
110 |a Consejo Nacional de Producción  
245 |a Estados financieros, 1° de agosto, 1972 a 31 de julio, 1973  
260 |a San José :  
300 |a 26 p  
999 |c 16753  |d 16753